000
00189nam a2200085 4500
001
1254047
005
20251104142600.0
245
_a
YABAN
_c
YAKUP KADRİ KARAOSMANOĞLU
260
_b
İLETİŞİM
999
_c
1254047
_d
1254047